« Retourner aux résultats de recherche
Danaël
| Auteur principal: | Patrick Sobral Auteur du texte |
|---|---|
| D'autres auteurs: | Nadou Illustrateur |
| Support: | Livres |
| Langue: | Francais |
| Publié: |
impr. 2012 Delcourt Lausanne |
| Series: |
Légendaires, origines |
| Genre: |
Bande Dessinée enfant ado |
| Collection: |
Les légendaires, origines |
| Sujets: | |
| Étiquettes: |
Ajouter
Pas de Tags !
|
| LEADER | 00981nam0a2200229 450 | ||
|---|---|---|---|
| 001 | 16815639 | ||
| 010 | |a 978-2-7560-2689-3 |b rel. |d 11,5 | ||
| 100 | |a 20120521d2026 u u0frey01 ba | ||
| 101 | 0 | |a fre | |
| 102 | |a FR | ||
| 200 | 0 | |a Danaël |f Sobral, Nadou | |
| 207 | 1 | |a | |
| 210 | |a Lausanne |b 27, rue de la Borde |c Delcourt |d impr. 2012 | ||
| 215 | |a 1 vol. (47 p.) |c ill. en coul., couv. ill. en coul. |d 30 cm | ||
| 225 | 1 | |a Les légendaires, origines |v 1 | |
| 330 | |a Récit du passé de Danaël, l'un des héros de Les Légendaires. D'un caractère impétueux, le jeune Faucon d'argent ne parvient pas à s'intégrer au corps d'armée dirigé par son frère. | ||
| 461 | 0 | |t Légendaires, origines |v 1 | |
| 700 | 0 | |a Sobral |b Patrick |c Auteur du texte |f 1972-.... |4 70 | |
| 701 | 0 | |a Nadou |c Illustrateur |f 1988-.... |4 70 | |
| 900 | |a Bande Dessinée enfant ado | ||
| 901 | |a Accessible au prêt | ||
| 995 | |a Bibliothèque |c Bibliothèque |f 024025448 |h 024025448 |k BD SOB |o p |q j |r az |e Bibliothèque | ||
